top 50 most powerful military - Statistics

General Stats
  • This quiz has been taken 808 times
  • The average score is 38 of 50
Answer Stats
Rank countries % Correct
1 United states
100%
2 Russia
99%
3 China
98%
5 United kingdom
97%
6 France
96%
4 India
96%
7 Germany
95%
9 south korea
94%
10 Japan
93%
15 Brazil
91%
13 Canada
91%
12 Italy
91%
35 North korea
91%
28 Spain
91%
22 Iran
90%
20 Australia
89%
14 Egypt
89%
16 Pakistan
89%
33 Mexico
88%
8 Turkey
88%
18 Poland
86%
19 Indonesia
84%
30 Sweden
84%
21 Ukraine
84%
25 Saudi arabia
83%
39 Norway
81%
48 Finland
80%
41 South africa
80%
23 Vietnam
80%
11 Israel
78%
24 Thailand
77%
29 Algeria
74%
32 Netherlands
68%
43 Denmark
67%
47 Nigeria
67%
17 Taiwan
66%
36 Austria
65%
34 Belgium
65%
27 Switzerland
62%
26 Syria
62%
38 Malaysia
61%
42 United arab emirates
58%
40 Ethiopia
51%
37 Philippines
51%
50 Venezuela
48%
45 Yemen
45%
44 Singapore
43%
46 Croatia
35%
31 Czech republic
34%
49 Azerbaijan
26%
No matching quizzes found
Score Distribution
Percent of People with Each Score
Percentile by Number Answered
Your Score History
You have not taken this quiz